Normal view
MARC view
- PROJECT SUPERVISOR ASST. PROF. ZUBAIR AHMED
Entry Personal Name
001 - CONTROL NUMBER
- control field: 73038
003 - CONTROL NUMBER IDENTIFIER
- control field: NUST
005 - DATE AND TIME OF LATEST TRANSACTION
- control field: 20210628204946.0
008 - FIXED-LENGTH DATA ELEMENTS
- fixed length control field: 210628|| aca||aabn | a|a d
040 ## - CATALOGING SOURCE
- Original cataloging agency: NUST
- Transcribing agency: NUST
100 ## - HEADING--PERSONAL NAME
- Personal name: PROJECT SUPERVISOR ASST. PROF. ZUBAIR AHMED
670 ## - SOURCE DATA FOUND
- Source citation: Work cat.: (NUST): NC RAJA AEKANT NC SYED USMAN ALI 73037, PR-SOF-1910-X-Band Design of Linear Travelling Wave Slotted Array Waveguide Antenna, 2020
